Nghiên cứu ứng dụng vật liệu nhẹ từ nhựa-trấu để sản xuất tấm ngói lợp : Báo cáo tổng kết đề tài khoa học và công nghệ cấp Trường

Tận dụng nguồn phụ phẩm trấu để tạo ra vật liệu ngói lợp mới có khả năng bền với môi trường và có khả năng cách âm, vừa nhẹ vừa có giá trị kinh tế.

Đã lưu trong:
Bibliografiske detaljer
Hovedforfatter: Cao, Lưu Ngọc Hạnh
Format: Bog
Sprog:Undetermined
Udgivet: Cần Thơ Trường Đại học Cần Thơ 2015
Fag:
Tags: Tilføj Tag
Ingen Tags, Vær først til at tagge denne postø!
Thư viện lưu trữ: Trung tâm Học liệu Trường Đại học Cần Thơ
LEADER 01172nam a2200229Ia 4500
001 CTU_210199
008 210402s9999 xx 000 0 und d
082 |a 668.42 
082 |b H107 
088 |a T2015-04 
100 |a Cao, Lưu Ngọc Hạnh 
245 0 |a Nghiên cứu ứng dụng vật liệu nhẹ từ nhựa-trấu để sản xuất tấm ngói lợp : 
245 0 |b Báo cáo tổng kết đề tài khoa học và công nghệ cấp Trường 
245 0 |c Cao Lưu Ngọc Hạnh (chủ nhiệm đề tài) 
260 |a Cần Thơ 
260 |b Trường Đại học Cần Thơ 
260 |c 2015 
520 |a Tận dụng nguồn phụ phẩm trấu để tạo ra vật liệu ngói lợp mới có khả năng bền với môi trường và có khả năng cách âm, vừa nhẹ vừa có giá trị kinh tế. 
650 |a Composite materials,Nhựa trong xây dựng,Vật liệu composite,Plastics in building 
904 |i Võ thị cẩm tú,Qhieu 
915 |a CN 
980 |a Trung tâm Học liệu Trường Đại học Cần Thơ